000 00349nam a2200121 i 4500
001 bg
245 0 _aKodeks postępowania cywilnego z przepisami wykonawczymi i szczególnymi :
_bwg. stanu prawnego na dzień 01.01.1974r.
260 _aWarszawa,
_c1974.
040 _cBPK
041 _apol
942 _cKS
008 s pl f |000 0 pol
999 _c26699
_d26699
856 _uhttp://koha.tu.koszalin.pl/cgi-bin/koha/opac-detail.pl?biblionumber=26699
_yKatalog online BPK